Statistics for [路線図付き] 東京モノレール 駅名穴埋めクイズ

Click here to take the quiz!

General Stats

  • This quiz has been taken 85 times
  • The average score is 9 of 11

Answers on the Map

Answers color-coded by a green-red scale on the quiz's map according to % correct below.
 

Answer Stats

Answer% Correct
東京モノレールMO01モノレール浜松町
99%
東京モノレールMO02天王洲アイル
92%
東京モノレールMO10羽田空港第1ターミナル
90%
東京モノレールMO11羽田空港第2ターミナル
86%
東京モノレールMO08羽田空港第3ターミナル
82%
東京モノレールMO06整備場
79%
東京モノレールMO03大井競馬場前
76%
東京モノレールMO07天空橋
76%
東京モノレールMO09新整備場
75%
東京モノレールMO04流通センター
67%
東京モノレールMO05昭和島
64%

Score Distribution

Percentile by Number Answered

Percent of People with Each Score

Your Score History

You have not taken this quiz